Financiamiento de los partidos políticos (Record no. 133761)

MARC details
000 -LEADER
fixed length control field 00854cam a2200193 4500
005 - DATE AND TIME OF LATEST TRANSACTION
control field 20250905132048.0
008 - FIXED-LENGTH DATA ELEMENTS--GENERAL INFORMATION
fixed length control field 030911s1999 ag 000 0 spa u
020 ## - INTERNATIONAL STANDARD BOOK NUMBER
International Standard Book Number 9506792550
050 04 - LIBRARY OF CONGRESS CALL NUMBER
Classification number KHA3031
Item number P54 1999
100 1# - MAIN ENTRY--PERSONAL NAME
Personal name Pierini, Alicia
245 10 - TITLE STATEMENT
Title Financiamiento de los partidos políticos
Remainder of title : para una democracia transparente
Statement of responsibility, etc / Alicia Pierini, Valentín Lorences.
246 ## - VARYING FORM OF TITLE
Title proper/short title Ley 23.298, Orgánica de los partidos políticos, Ley 24.444, Modificación del código electoral, Con auspicio del Instituto de Promoción de estudios en derechos humanos
250 ## - EDITION STATEMENT
Edition statement 1a ed.
260 ## - PUBLICATION, DISTRIBUTION, ETC. (IMPRINT)
Place of publication, distribution, etc Buenos Aires :
Name of publisher, distributor, etc Universidad Sociedad de Responsabilidad Limitada,
Date of publication, distribution, etc 1999
300 ## - PHYSICAL DESCRIPTION
Extent 254 p. ;
Dimensions 23 cm.
650 #7 - SUBJECT ADDED ENTRY--TOPICAL TERM
Topical term or geographic name as entry element Partidos políticos
General subdivision Financiamiento
-- Legislación
Geographic subdivision Argentina
700 1# - ADDED ENTRY--PERSONAL NAME
Personal name Lorences, Valentín,
Relator term autor
942 ## - ADDED ENTRY ELEMENTS (KOHA)
Source of classification or shelving scheme Biblioteca del Cogreso de los Estados Unidos
Koha item type Libro
Holdings
Estado de pérdida Fuente de clasificación Estado del daño No para préstamo Ubicación permanente Ubicación actual Apartado o colección Fecha de adquisición Edición Área del conocimiento Clasificación Código de Barras Date last seen Número de copia Costo por reposición Tipo de recurso
  Biblioteca del Cogreso de los Estados Unidos     Biblioteca de la Facultad de Derecho y Ciencias Sociales "Felipe J. Tena" Biblioteca de la Facultad de Derecho y Ciencias Sociales "Felipe J. Tena" General 27/11/2019 1a ed. Ciencias Sociales y Administrativas KHA3031 P54 1999 BFD000011876 27/11/2019 1 1.00 Libro